| 000 | 00814nam a22002417a 4500 | ||
|---|---|---|---|
| 005 | 20121231115257.0 | ||
| 008 | 121231t xxu||||| |||| 00| 0 eng d | ||
| 010 | _aENG-106490 | ||
| 020 |
_a9788178359533 _c590.00 |
||
| 035 | _aEN-90023 | ||
| 037 | _bDBAD/PUB | ||
| 040 |
_aDPL _bENG |
||
| 082 | _aS | ||
| 100 |
_aKanwaljit Singh _954584 |
||
| 245 |
_aAs it happened : _cby Kanwaljit Singh _bamazing tell-tales of army life / |
||
| 260 |
_aDelhi _bKalpaz Publications _c2013 |
||
| 270 |
_aC-30, Satyawati Nagar _bDelhi _e110052 _k9212729499 _mkalpaz@hotmail.com |
||
| 300 |
_a216p. _c23cm(Hb) |
||
| 500 | _aIncludes index | ||
| 650 | _954586 | ||
| 942 |
_2ddc _cEN _mKAN _hS |
||
| 999 |
_c72530 _d72530 |
||